00695 2200253 4500001002100000005001700021008004100038020001800079035002400097082001400121090002100135100002000156245007800176260003200254300003200286500002700318650002100345850001500366980001500381985000600396986000900402999001500411999001500426YOGYA-0209000000275320090227020550.0 ind  a979-9299-71-3 0010-020900000002753 a781.75982 a781.75982bPal S aPALGUNADI, Bram aSerat Kandha Karawitan Jawibmengenal seni karawitan jawacBram Palgunadi aBandungbPenerbit ITBc2002 a[24a], 649 hlmbilusc21 cm aBibliografi : hlm. 645 aKarawitan - Jawa aYOPDYOG[M] a24-02-2005 a2 aSofi a04B0003409 a04B0003410